| 000 | 00574nam a2200145Ia 4500 | ||
|---|---|---|---|
| 008 | 151213s9999 xx 000 0 und d | ||
| 100 | _aড: খালেদা হানুম। | ||
| 245 |
_aসহিত্যে াচন্তা নানা প্রসঙ্গ। _cড: খালেদা হানুম। |
||
| 260 |
_aঢাকা _bগ্লোব লাইব্রেরী প্রা: লি:। _c2003 |
||
| 300 | _a8799 p. | ||
| 650 | _aBangla | ||
| 650 | _aপ্রবন্ধ | ||
| 700 | _aড: খালেদা হানুম। | ||
| 999 |
_c4584 _d4584 |
||